Magyar Könyvszemle ...

Bibliographic Details
Main Author: Saktorová, Helena, 1953- (Author)
Format: Article
Language:Slovak
ISBN:8089023193
Subjects:

MARC

LEADER 00000nab a2200000 a 4500
001 vtls000839906
003 SK-MaSNL
005 20260304121358.0
008 250429c2002 xo 0 slo
015 |a SNBRA2003/07-19792 
035 |a CLN000191561 
035 |a urn:nbn:sk:snk-abqdi 
035 |a (urnnbn)urn:nbn:sk:snk:ar-a03owf 
035 |a (uuid)153fcc9c-7e80-4bf5-964d-0fc29719ffe8 
040 |a SNKBUCL  |b slo  |c SNKBUCL  |e AACR2 
041 0 |a slo 
044 |a xo  |c SK 
080 |a 002.2:050(439)  |2 1997 
080 |a 050(439):002.2  |2 1997 
100 1 |a Saktorová, Helena,  |d 1953-  |4 aut  |9 102798 
245 1 0 |a Magyar Könyvszemle ...  |c Helena Saktorová 
630 0 7 |a Magyar Könyvszemle (časopis)  |y 2000  |x č. 1.-4.  |x prehľady bibliografické  |2 snkbucl  |9 1426225 
655 7 |a články zo zborníkov  |2 snkbucl  |9 166140 
773 0 |t Kniha 2001-2002  |d Martin : Slovenská národná knižnica, 2002  |g S. 608-610  |z 8089023193 
850 |a Slovenská národná knižnica 
852 |a Slovenská národná knižnica 
954 |a odborná, vedecká literatúra pôvodná (slovenská)  |2 lita 
958 |a article27 
958 |a KL 
958 |a HU 
958 |a OND 
958 |a EUIPO 
999 |c 2884810  |d 2886740